Statistics for Haiti... or Tahiti?

Click here to take the quiz!

General Stats

  • This quiz has been taken 168 times
  • The average score is 8 of 15

Answer Stats

QuestionAnswer% Correct
Has more than 2,000,000 peopleHaiti
77%
Became an independent country in the 1800'sHaiti
76%
Known as Saint-Domingue before changing to its current nameHaiti
75%
Is closer to South AmericaHaiti
74%
The painter Paul Gauguin lived thereTahiti
71%
Forms a part of the Society IslandsTahiti
70%
European explorers "discovered" this place before finding the other oneHaiti
67%
Is French-speakingBoth
64%
Has some red in its flagBoth
58%
Is pictured aboveTahiti
54%
Is in California's time zoneNeither
45%
Uses the euro as currencyNeither
44%
Its capital starts with PBoth
32%
Has more than 200,000 peopleHaiti
22%
Has a motorway/freewayTahiti
20%

Score Distribution

Percentile by Number Answered

Percent of People with Each Score

Your Score History

You have not taken this quiz